000 00331nam a2200109Ia 4500
008 200302s9999 xx 000 0 und d
100 _aIsabelle Delannoy
245 _aYann Arthus- Bertrand Our Living Earth A Next Generation Guide to People and Preservation
260 _bThames and Hudson Published
260 _c2008
300 _a157
999 _c5326
_d5326